Statistiques concernant Ville par lettre - D

Cliquez ici pour prendre le quiz!

Statistiques générales

  • Ce quiz a été pris 180 fois
  • Le résultat moyen est 12 sur 20

Statistiques - réponses

IndiceRéponse% Correct
Plus grande ville de l'île d'IrlandeDublin
99%
Ville française connue pour sa moutardeDijon
97%
Capitale du SénégalDakar
92%
Ville syrienne où se déroule une guerre depuis 2012Damas
89%
Ville où se dresse la plus haute tour du mondeDubaï
89%
Grande ville texaneDallas
80%
Agllomération la plus peuplée d'IndeDelhi
80%
Mégapole au BangladeshDacca
75%
Ville principale de l'Etat du MichiganDétroit
75%
Capitale du ColoradoDenver
74%
La Coupe du Monde 2022 de football se déroulera en partie dans cette villeDoha
73%
Ville allemande détruite par des bombardements lors de la Seconde guerre mondialeDresde
64%
Grande ville portuaire d'Afrique du SudDurban
53%
Centre économique de la TanzanieDar es Salam
50%
Capitale d'un pays qui faisait partie de l'URSS anciennement nommé StalinabadDouchanbé
47%
Première ville industrielle et économique de l'UkraineDonetsk
45%
Capitale de BaliDenpasar
22%
Ville chinoise faisant partie de la mégalopole du delta de la Rivière des PerlesDongguan
9%
Troisième port de ChineDalian
8%
Gigantesque bidonville dans l'agglomération de MumbaiDharavi
4%

Distribution des résultats

Percentile par nombre de réponses

% des personnes avec chaque résultat

Votre développement - résultats

Vous n’avez pas pris ce quiz